CASE BASED APPROACH FINE NEEDLE ASPIRATION CYTOLOGY (Record no. 25324)

MARC details
000 -LEADER
fixed length control field 00406nam a22001577a 4500
003 - CONTROL NUMBER IDENTIFIER
control field SGT
020 ## - INTERNATIONAL STANDARD BOOK NUMBER
International Standard Book Number 9789352501809
082 ## - DEWEY DECIMAL CLASSIFICATION NUMBER
Classification number 616.07
Item number C16D
100 ## - MAIN ENTRY--PERSONAL NAME
Personal name DAY, PRANAB
245 ## - TITLE STATEMENT
Title CASE BASED APPROACH FINE NEEDLE ASPIRATION CYTOLOGY
260 ## - PUBLICATION, DISTRIBUTION, ETC. (IMPRINT)
Place of publication, distribution, etc INDA
Name of publisher, distributor, etc JAYPEE PUB
Year of Publication 2023
300 ## - PAGE DESCRIPTION
No. of Pages 375
650 ## - SUBJECT ADDED ENTRY--TOPICAL TERM
Topical term or geographic name as entry element PATHOLOGY
653 ## - KEYWORDS--INDEX TERM
Keyword term CASE BASED APPROACH FINE NEEDLE ASPIRATION CYTOLOGY
942 ## - ADDED ENTRY ELEMENTS (KOHA)
Source of classification or shelving scheme Dewey Decimal Classification
Koha item type Books
Holdings
Withdrawn status Lost status Source of classification or shelving scheme Damaged status Not for loan Collection code Home library Current library Shelving location Date acquired Vendor Name Cost, normal purchase price SGTU Bill Number Total Checkouts Full call number Accession No. (Barcode) Date last seen Bill Date Koha item type
    Dewey Decimal Classification   Not For Loan MEDICAL SGT Medical Library SGT Medical Library Reference Book 29/11/2023 ABC DELHI 4995.00 SGTU 17259   616.07 C16D FM14094 29/11/2023 18/08/2023 Books